April Fool Festival: Geography General Knowledge - Statistics

General Stats
  • This quiz has been taken 355 times
  • The average score is 12 of 15
Answer Stats
Clue Answer % Correct
Which city (over 1 million population) is closest to the moon? Good answer, but the not best one.
99%
Australia shares its longest border with which other country? OK, you got off easy with that one.
99%
Which country were formerly a part of the Canadian Empire? Really? That's competely wrong.
98%
Which continent is home to the most wooly mammoths (300+)? Don't just continue to type letters!
96%
Which European countries have majority Buddhist populations? I didn't say it couldn't be made up...
94%
On which mountain does the Greek god Poseidon reside? That's not even a mountain name!
94%
Which ocean does the world's largest landlocked country touch? Type the ANSWER, not a letter!
94%
Which European countries have majority Buddhist populations? ...shortest. fake country name. ever!
93%
Which city has the highest population of Gibberish speakers? This quiz is just wasting your time.
91%
Danish is spoken in which country bordering Peru and Belize? Feel free to click that "X" up top.
90%
Which major city in the Vatican has a literacy rate of 98%? Let me switch up on you....
90%
Which river empties out at 80km/h into the Tibetan Plateau? OK now you're just clicking buttons!
90%
Which US state flag has an irregular shape, at over 21 sides? Bet you can't answer the last one!
58%
What was the celebration, exactly 20 years after April 1, 1997? APRIL FOOLS DAY
42%
Which German city is home to the Chelsea FC stadium? *sigh* you caught me... back to norm.
15%
No matching quizzes found
Score Distribution
Percent of People with Each Score
Percentile by Number Answered
Your Score History
You have not taken this quiz